Historický vývoj súdnej spolupráce v civilných veciach v Európskej únii

Myšlienka "európskeho právneho priestoru" bola vnímaná ako pokus o vytvorenie určitého nástroja v boji s terorizmom v prípadoch, keď jednotlivé európske štáty boli vystavené vydieraniu zo strany blízkovýchodných teroristických skupín. Agenda zahŕňa spoluprácu vo veciach trestných a aj civilných. Pop...

Descrizione completa

Salvato in:
Dettagli Bibliografici
Autore principale: Hurná, Lucia, 1978-
Natura: Capitolo di libro
Lingua:slovacco
Soggetti:
Tags: Aggiungi Tag
Nessun Tag, puoi essere il primo ad aggiungerne!!

MARC

LEADER 00000naa$a2200000$$$4500
001 0066189
005 20240502071802.5
041 0 |a slo 
044 |a SK 
245 1 0 |a Historický vývoj súdnej spolupráce v civilných veciach v Európskej únii  |c Lucia Hurná 
520 |a Myšlienka "európskeho právneho priestoru" bola vnímaná ako pokus o vytvorenie určitého nástroja v boji s terorizmom v prípadoch, keď jednotlivé európske štáty boli vystavené vydieraniu zo strany blízkovýchodných teroristických skupín. Agenda zahŕňa spoluprácu vo veciach trestných a aj civilných. Popis historického vývoja súdnej spolupráce v civilných veciach v EÚ. 
610 2 0 |a Európska únia 
610 2 0 |a právo európske 
610 2 0 |a zmluvy medzinárodné 
610 2 0 |a spravodlivosť 
610 2 0 |a bezpečnosť 
610 2 0 |a sloboda 
100 1 |a Hurná, Lucia, 1978-